000 00425nam a2200193Ia 4500
005 20240823040404.0
008 240823s9999||||xx |||||||||||||| ||und||
020 _a978-81-8368-618-1
041 _aENGLISH
082 _A294.5 P7
100 _aAmbujam Anantharaman
245 0 _aHinduism
250 _a1st
260 _c2007
_bPr
500 _aDISPLAY
650 _aHinduism
_bGeneral
942 _cBK
999 _c202991
_d202991